[Event "32. Offene Senioren-LEM Sachsen-Anh. 65+"]
[Site "Magdeburg"]
[Date "2024.07.06"]
[Round "6.43"]
[White "Jacob, Barbara"]
[Black "Redeker, Frank"]
[Result "1/2-1/2"]
[WhiteElo "1824"]
[BlackElo "1789"]
[PlyCount "111"]
[EventDate "2024.??.??"]
[WhiteTeam "Schachklub Ochtrup 61"]
[BlackTeam "Schachfreunde Brand 1981"]

1. e4 d6 2. d4 g6 3. Nf3 Nf6 4. Bd3 Bg7 5. c3 Nbd7 6. O-O O-O 7. h3 c6 8. Bf4
Nh5 9. Bh2 e5 10. Be2 Nf4 11. Bxf4 exf4 12. Nbd2 Re8 13. Re1 Nf6 14. Bd3 Nd7
15. Qc2 a6 16. Nc4 Qc7 17. Rac1 c5 18. Qb3 b5 19. Ncd2 c4 20. Nxc4 bxc4 21.
Bxc4 Rf8 22. Ng5 Nf6 23. e5 Rb8 24. exd6 Qa7 25. Qa3 h6 26. Re7 Rb7 27. Nf3
Rxe7 28. dxe7 Re8 29. Re1 Bb7 30. Qd6 Qb8 31. Qxb8 Rxb8 32. Ne5 Bd5 33. Bxd5
Nxd5 34. Nc6 Re8 35. c4 Nb6 36. b3 Bf6 37. d5 Nc8 38. c5 Nxe7 39. d6 Nxc6 40.
Rxe8+ Kg7 41. Rc8 Nd8 42. c6 Ne6 43. Ra8 Be5 44. d7 Bc7 45. Rxa6 Kf8 46. b4 Ke7
47. b5 Nc5 48. Ra8 Ne6 49. a4 Kd6 50. a5 Bd8 51. Rc8 Bxa5 52. f3 Kc5 53. Rb8
Bb6 54. Kf1 Bc7 55. Rb7 Bd8 56. Rb8 1/2-1/2

[Event "32. Offene Senioren-LEM Sachsen-Anh. 65+"]
[Site "Magdeburg"]
[Date "2024.07.06"]
[Round "6.44"]
[White "Grube, Kurt"]
[Black "Dehning-Busse, Karsten"]
[Result "1/2-1/2"]
[WhiteElo "1757"]
[BlackElo "1867"]
[PlyCount "54"]
[EventDate "2024.??.??"]
[WhiteTeam "SG Osnabrück"]
[BlackTeam "Bremer SG von 1877"]

1. c4 d6 2. d4 Nf6 3. Nf3 g6 4. Nc3 Bg7 5. g3 O-O 6. Bg2 Nbd7 7. O-O c6 8. Bf4
Nh5 9. Bd2 Qc7 10. d5 a5 11. Rc1 c5 12. Nb5 Qd8 13. Bc3 Nhf6 14. Re1 Nb6 15. b3
Bd7 16. a4 Bxb5 17. axb5 Nbd7 18. e4 Ne8 19. Bxg7 Nxg7 20. Ra1 h6 21. Qd2 Kh7
22. h4 f6 23. g4 Ne5 24. Nxe5 fxe5 25. f3 b6 26. Rf1 Rf4 27. Rad1 Qf8 1/2-1/2

[Event "32. Offene Senioren-LEM Sachsen-Anh. 65+"]
[Site "Magdeburg"]
[Date "2024.07.06"]
[Round "6.45"]
[White "Bertram, Thomas"]
[Black "Jürgens, Peter"]
[Result "1/2-1/2"]
[WhiteElo "1725"]
[BlackElo "1863"]
[PlyCount "29"]
[EventDate "2024.??.??"]
[WhiteTeam "SV 1919 Grimma"]
[BlackTeam "SC Tempo Göttingen"]

1. e4 e6 2. d4 d5 3. e5 c5 4. c3 Nc6 5. Nf3 Qb6 6. Bd3 Bd7 7. O-O cxd4 8. cxd4
Nxd4 9. Nxd4 Qxd4 10. Nc3 a6 11. Qf3 Ne7 12. Rd1 Qb4 13. a3 Qb3 14. Qe2 Rc8 15.
f4 1/2-1/2

[Event "32. Offene Senioren-LEM Sachsen-Anh. 65+"]
[Site "Magdeburg"]
[Date "2024.07.06"]
[Round "6.46"]
[White "Stratmann, Alois"]
[Black "Hölzel, Gerhard"]
[Result "1/2-1/2"]
[WhiteElo "1705"]
[BlackElo "1839"]
[PlyCount "67"]
[EventDate "2024.??.??"]
[WhiteTeam "Schachverein Ahlen 1954"]
[BlackTeam "Ahrensburger TSV"]

1. Nf3 c5 2. b3 Nf6 3. Bb2 e6 4. e3 Be7 5. Be2 O-O 6. c4 d6 7. O-O Nc6 8. a3 b6
9. d4 cxd4 10. Nxd4 Nxd4 11. Bxd4 Bb7 12. Nd2 Rc8 13. Bb2 Qc7 14. Nf3 Rfd8 15.
Rc1 Rd7 16. Qc2 Qc6 17. Bd3 e5 18. Bf5 g6 19. Bxd7 Qxd7 20. Qe2 Bc6 21. Rfd1
Qb7 22. Ne1 Bd7 23. h3 Be6 24. Qf3 Qb8 25. Qe2 Ne8 26. Nf3 Qb7 27. Ne1 Bd7 28.
Qf3 Bc6 29. Qe2 Be4 30. f3 Bc6 31. b4 Bd7 32. Rc2 Ba4 33. Rdc1 Bxc2 34. Rxc2
1/2-1/2

[Event "32. Offene Senioren-LEM Sachsen-Anh. 65+"]
[Site "Magdeburg"]
[Date "2024.07.06"]
[Round "6.47"]
[White "Ogrisek, Gerd"]
[Black "Kramell, Ralph F. K"]
[Result "1/2-1/2"]
[WhiteElo "1710"]
[BlackElo "1824"]
[PlyCount "59"]
[EventDate "2024.??.??"]
[WhiteTeam "SV Rochade Magdeburg"]
[BlackTeam "SG 2011 Sennewitz"]

1. e4 d5 2. exd5 Qxd5 3. Nc3 Qd6 4. d4 Bf5 5. Nb5 Qd8 6. c4 c6 7. Nc3 Nf6 8.
Bd3 Bxd3 9. Qxd3 e6 10. Bf4 Nbd7 11. O-O-O Nh5 12. Be3 Bd6 13. Nf3 Bf4 14. g3
Bxe3+ 15. Qxe3 O-O 16. Ne5 Nhf6 17. Rd3 Re8 18. Rhd1 Qc7 19. h3 a6 20. f4 b5
21. b3 Nb6 22. Qe2 bxc4 23. bxc4 Nfd7 24. Nxd7 Qxd7 25. R3d2 Qe7 26. c5 Nd5 27.
Nxd5 exd5 28. Qxe7 Rxe7 29. Kc2 Rb8 30. Rd3 1/2-1/2

[Event "32. Offene Senioren-LEM Sachsen-Anh. 65+"]
[Site "Magdeburg"]
[Date "2024.07.06"]
[Round "6.48"]
[White "Watermann, Bernd"]
[Black "Peter, Volkhard"]
[Result "1-0"]
[WhiteElo "1796"]
[BlackElo "1800"]
[PlyCount "67"]
[EventDate "2024.??.??"]
[WhiteTeam "Sf Barsinghausen e.V."]
[BlackTeam "SV Einheit Schwerin"]

1. d4 Nf6 2. e3 g6 3. f4 Bg7 4. Nf3 d6 5. Bd3 O-O 6. O-O b6 7. Bd2 Bb7 8. Be1
Nbd7 9. Nbd2 c5 10. c3 Nd5 11. Qe2 f5 12. Bh4 Bf6 13. Bxf6 exf6 14. Rae1 Kg7
15. c4 Nb4 16. Bb1 a5 17. a3 Nc6 18. d5 Ne7 19. e4 Re8 20. Qd3 Bc8 21. e5 fxe5
22. fxe5 dxe5 23. Nxe5 Nxe5 24. Rxe5 Ng8 25. Rfe1 Nf6 26. Qc3 Kf7 27. Nf3 h6
28. Rxe8 Nxe8 29. Ne5+ Kg8 30. Nc6 Qd7 31. Re7 Ra7 32. Rxd7 Rxd7 33. Qe5 Ng7
34. Ne7+ 1-0

[Event "32. Offene Senioren-LEM Sachsen-Anh. 65+"]
[Site "Magdeburg"]
[Date "2024.07.06"]
[Round "6.49"]
[White "Klimpel, Siegfried"]
[Black "Rosenkranz, Eveline"]
[Result "1-0"]
[WhiteElo "1796"]
[BlackElo "676"]
[PlyCount "71"]
[EventDate "2024.??.??"]
[WhiteTeam "TSV Kareth-Lappersdorf"]
[BlackTeam "Haldensleber Sportclub"]

1. e4 e5 2. Nf3 Nc6 3. d4 Bd6 4. d5 Nce7 5. Bg5 h6 6. Bh4 b6 7. Bg3 Ng6 8. Nbd2
N8e7 9. Nc4 Bb4+ 10. c3 Bc5 11. Ncxe5 O-O 12. Nd3 Ba6 13. Nxc5 bxc5 14. Bd3 c6
15. d6 Nc8 16. O-O Qe8 17. Re1 Qe6 18. Qa4 Nb6 19. Qxa6 Nc4 20. Qxc4 Qe8 21. e5
Rb8 22. Bxg6 Rxb2 23. Rab1 Rd2 24. Bd3 Rxd3 25. Qxd3 Qe6 26. Qa6 Ra8 27. Rb7
Qd5 28. Rxd7 Qd2 29. Qe2 Qxc3 30. e6 Qf6 31. Rxf7 Qd8 32. Qe5 Qf8 33. Rxf8+
Rxf8 34. e7 Re8 35. d7 Kf7 36. Qe6# 1-0

[Event "32. Offene Senioren-LEM Sachsen-Anh. 65+"]
[Site "Magdeburg"]
[Date "2024.07.06"]
[Round "6.50"]
[White "Schiefer, Jörg"]
[Black "Hülle, Gunter"]
[Result "0-1"]
[WhiteElo "1655"]
[BlackElo "1766"]
[PlyCount "90"]
[EventDate "2024.??.??"]
[WhiteTeam "USC Magdeburg"]
[BlackTeam "SV Springer Leipzig"]

1. c4 c5 2. Nc3 Nc6 3. g3 Nf6 4. Bg2 e6 5. e3 d5 6. cxd5 exd5 7. d4 cxd4 8.
exd4 Be7 9. Nge2 O-O 10. O-O Bf5 11. Bg5 Be6 12. Nf4 h6 13. Nxe6 fxe6 14. Be3
a6 15. Qc2 Nb4 16. Qb3 b5 17. a3 Nc6 18. Rad1 Na5 19. Qc2 Rc8 20. b4 Nc4 21.
Qb3 Bd6 22. Rfe1 Ng4 23. Nxd5 exd5 24. Bxd5+ Kh8 25. Bxc4 bxc4 26. Qc3 Qf6 27.
f4 Rfe8 28. h3 Nxe3 29. Rxe3 Rxe3 30. Qxe3 Bc7 31. Kf2 Bb6 32. Qe5 Qxe5 33.
fxe5 c3 34. Ke3 c2 35. Rc1 Rc3+ 36. Kd2 Bxd4 37. Rxc2 Rxg3 38. Rc8+ Kh7 39. e6
Bf6 40. Re8 Kg6 41. Ra8 Rxa3 42. Ra7 Bc3+ 43. Kc2 Bxb4 44. Kb2 a5 45. Rf7 Re3
0-1

[Event "32. Offene Senioren-LEM Sachsen-Anh. 65+"]
[Site "Magdeburg"]
[Date "2024.07.06"]
[Round "6.52"]
[White "Fleischer, Martin"]
[Black "Ludwig, Richard"]
[Result "1-0"]
[WhiteElo "1857"]
[BlackElo "1698"]
[PlyCount "65"]
[EventDate "2024.??.??"]
[WhiteTeam "SV Einheit Schwerin"]
[BlackTeam "SV Irxleben 1919"]

1. e4 Nf6 2. e5 Nd5 3. Nf3 d6 4. d4 e6 5. c4 Nb6 6. a4 dxe5 7. a5 Bb4+ 8. Nc3
N6d7 9. Nxe5 Nxe5 10. Qa4+ Nbc6 11. dxe5 Bxc3+ 12. bxc3 Bd7 13. Qb3 Rb8 14. Bf4
O-O 15. Be2 h6 16. O-O Ne7 17. Be3 a6 18. Qc2 Bc6 19. f4 Nf5 20. Bf2 Re8 21.
Bd3 Nh4 22. Be4 Bxe4 23. Qxe4 Nf5 24. Rab1 Qd7 25. Rxb7 Qc8 26. Rfb1 Rxb7 27.
Qxb7 c6 28. Qxc8 Rxc8 29. Rb6 Ne7 30. Bc5 Ng6 31. g3 Nf8 32. Bxf8 Kxf8 33. Rxa6
1-0

[Event "32. Offene Senioren-LEM Sachsen-Anh. 65+"]
[Site "Magdeburg"]
[Date "2024.07.06"]
[Round "6.53"]
[White "Freitag, Ingo"]
[Black "Girod, Gudrun"]
[Result "1/2-1/2"]
[WhiteElo "1810"]
[BlackElo "1649"]
[PlyCount "31"]
[EventDate "2024.??.??"]
[WhiteTeam "VfL Kalbe/Milde"]
[BlackTeam "Hannover 96"]

1. e4 e6 2. Nf3 d5 3. exd5 exd5 4. d4 Nf6 5. Nc3 Bb4 6. Bd2 Bxc3 7. Bxc3 O-O 8.
Be2 Bg4 9. O-O Bxf3 10. Bxf3 c6 11. Bd2 h6 12. c3 Nbd7 13. Re1 Re8 14. Rxe8+
Qxe8 15. Qe1 Qxe1+ 16. Rxe1 1/2-1/2

[Event "32. Offene Senioren-LEM Sachsen-Anh. 65+"]
[Site "Magdeburg"]
[Date "2024.07.06"]
[Round "6.54"]
[White "Kühne, Jürgen"]
[Black "Geibel, Henning"]
[Result "0-1"]
[WhiteElo "1725"]
[BlackElo "1601"]
[PlyCount "54"]
[EventDate "2024.??.??"]
[WhiteTeam "SV Irxleben 1919"]
[BlackTeam "Ahrensburger TSV"]

1. d4 d5 2. c4 e6 3. Nc3 dxc4 4. e3 Nf6 5. Bxc4 Bb4 6. Nge2 O-O 7. O-O c5 8. a3
Bxc3 9. bxc3 cxd4 10. cxd4 Nc6 11. Bd3 Qd6 12. h3 e5 13. a4 Qe6 14. Re1 e4 15.
Bc2 Qf5 16. Ng3 Qe6 17. Bb3 Nd5 18. Ba3 Rd8 19. Ne2 Qg6 20. Nf4 Nxf4 21. exf4
Bxh3 22. g3 Nxd4 23. Qxd4 Rxd4 24. Bb2 Rd2 25. Bc3 Rd3 26. Rac1 b6 27. Rxe4
Rxg3+ 0-1

[Event "32. Offene Senioren-LEM Sachsen-Anh. 65+"]
[Site "Magdeburg"]
[Date "2024.07.06"]
[Round "6.55"]
[White "Langbein, Wolfgang"]
[Black "Rosenkranz, Richard"]
[Result "1/2-1/2"]
[WhiteElo "1533"]
[BlackElo "1628"]
[PlyCount "21"]
[EventDate "2024.??.??"]
[WhiteTeam "PSV Ribnitz-Damgarten"]
[BlackTeam "Haldensleber Sportclub"]

1. d4 d5 2. c4 Nf6 3. c5 Nc6 4. e3 e5 5. Ne2 Qe7 6. Nbc3 exd4 7. exd4 Bg4 8.
Be3 Bxe2 9. Bxe2 a6 10. O-O O-O-O 11. h3 1/2-1/2